[Event "Oberliga Ost-B 1819"]
[Site "Germany"]
[Date "2019.03.23"]
[Round "8.8"]
[White "Lemonidis, Christos"]
[Black "Schaffer, Hendrik"]
[Result "0-1"]
[WhiteElo "1793"]
[BlackElo "2261"]
[PlyCount "58"]
[EventDate "2018.10.21"]
[EventType "team-tourn"]
[EventRounds "11"]
[EventCountry "GER"]
[SourceTitle "EXT 2020"]
[Source "ChessBase"]
[SourceDate "2019.10.17"]
[SourceVersion "1"]
[SourceVersionDate "2019.10.17"]
[SourceQuality "1"]
[WhiteTeam "Nied Koenig"]
[BlackTeam "Neuberg"]
[WhiteTeamCountry "GER"]
[BlackTeamCountry "GER"]

1. e4 c5 2. d3 e6 3. g3 Nc6 4. Bg2 d5 5. Nd2 Nf6 6. Ngf3 Be7 7. 0-0 0-0 8. e5 Nd7 9. Re1 Qc7 10. Qe2 b5 11. h4 Ba6 12. c3 Rab8 13. Nf1 c4 14. d4 b4 15. N1h2 bxc3 16. bxc3 Qa5 17. Qc2 Bb5 18. Ng5 g6 19. Re3 Ba4 20. Qe2 h6 21. Qg4 hxg5 22. hxg5 Kg7 23. Rf3 Bd1 24. Bh3 Bxf3 25. Qxf3 Rb3 26. Ng4 Qxc3 27. Qf4 Qxa1 28. Nf6 Rc3 29. Qh4 Rxc1+ 0-1

[Event "Frankfurt-chA"]
[Site "Frankfurt"]
[Date "2018.05.14"]
[Round "3"]
[White "Lemonidis, Christos"]
[Black "Henrich, David"]
[Result "0-1"]
[WhiteElo "1739"]
[BlackElo "2079"]
[PlyCount "68"]
[EventDate "2018.04.30"]
[EventType "swiss"]
[EventRounds "7"]
[EventCountry "GER"]
[SourceTitle "EXT 2019"]
[Source "ChessBase"]
[SourceDate "2018.10.10"]
[SourceVersion "1"]
[SourceVersionDate "2018.10.10"]
[SourceQuality "1"]

1. e4 d6 2. Nf3 Nf6 3. d3 g6 4. g3 Bg7 5. Bg2 c5 6. 0-0 0-0 7. Nbd2 Nc6 8. c3 e5 9. Re1 h6 10. Nf1 Re8 11. Ne3 Be6 12. h3 d5 13. exd5 Nxd5 14. Ng4 Bxg4 15. hxg4 Qd7 16. Nh4 Rad8 17. Bf1 b5 18. a3 a5 19. c4 bxc4 20. dxc4 Nf6 21. Qxd7 Nxd7 22. Nf3 e4 23. Nh4 Nd4 24. Rd1 Ne5 25. Be3 Nxg4 26. Rab1 g5 27. Bh3 Nxe3 28. fxe3 gxh4 29. exd4 Bxd4+ 30. Kg2 hxg3 31. Kxg3 e3 32. Bg4 Rb8 33. Bd7 e2 34. Re1 Rb3+ 0-1

[Event "Frankfurt-chA"]
[Site "Frankfurt"]
[Date "2018.05.07"]
[Round "2"]
[White "Lemonidis, Christos"]
[Black "Waschke, Thomas"]
[Result "1/2-1/2"]
[WhiteElo "1739"]
[BlackElo "1531"]
[PlyCount "79"]
[EventDate "2018.04.30"]
[EventType "swiss"]
[EventRounds "7"]
[EventCountry "GER"]
[SourceTitle "EXT 2019"]
[Source "ChessBase"]
[SourceDate "2018.10.10"]
[SourceVersion "1"]
[SourceVersionDate "2018.10.10"]
[SourceQuality "1"]

1. e4 e5 2. Nf3 Nc6 3. d3 Nf6 4. g3 g6 5. Bg2 Bg7 6. 0-0 d6 7. c3 0-0 8. Nbd2 Bd7 9. h3 Qc8 10. Kh2 Re8 11. Nc4 h6 12. Ne3 Nd8 13. Bd2 Bb5 14. Qc2 c5 15. c4 Bc6 16. Nd5 Nxd5 17. exd5 Bd7 18. Rae1 f5 19. Re2 Nf7 20. Rfe1 Qc7 21. Qc1 Rab8 22. Nh4 g5 23. Nf3 Bf6 24. Bc3 b5 25. b3 b4 26. Ba1 Qd8 27. Nd2 a5 28. f3 Ra8 29. g4 Qc8 30. gxf5 Bxf5 31. Ne4 Bg7 32. Qd2 Qd7 33. Ng3 Bg6 34. Rh1 a4 35. Bb2 axb3 36. axb3 Ra2 37. Qd1 Rea8 38. Kg1 Qe7 39. Bf1 Qf6 40. Bg2 1/2-1/2

[Event "Oberliga Ost-B 1617"]
[Site "Germany"]
[Date "2017.02.19"]
[Round "7.7"]
[White "Doehring, Joachim"]
[Black "Lemonidis, Christos"]
[Result "1-0"]
[WhiteElo "2082"]
[BlackElo "1810"]
[PlyCount "85"]
[EventDate "2016.10.16"]
[EventType "team-tourn"]
[EventRounds "11"]
[EventCountry "GER"]
[SourceTitle "EXT 2018"]
[Source "ChessBase"]
[SourceDate "2017.10.13"]
[SourceVersion "1"]
[SourceVersionDate "2017.10.13"]
[SourceQuality "1"]
[WhiteTeam "Wiesbaden"]
[BlackTeam "Frankfurt Koenig Nied"]
[WhiteTeamCountry "GER"]
[BlackTeamCountry "GER"]

1. Nf3 d6 2. c4 e5 3. Nc3 g6 4. d4 Bg7 5. dxe5 dxe5 6. Qxd8+ Kxd8 7. Bg5+ f6 8. 0-0-0+ Nd7 9. Bh4 Ne7 10. Nd5 Nxd5 11. cxd5 Re8 12. e4 a6 13. Nd2 Bh6 14. Bd3 Ke7 15. Kb1 Bxd2 16. Rxd2 b6 17. f3 Bb7 18. Rc1 Rac8 19. Rdc2 Kd6 20. Rc6+ Bxc6 21. Rxc6+ Ke7 22. Bxa6 Ra8 23. Bb7 Rab8 24. Rxc7 Kd8 25. Rxd7+ Kxd7 26. Bc6+ Ke7 27. Bxe8 Rxe8 28. Bf2 Rb8 29. a4 f5 30. Kc2 fxe4 31. fxe4 Kd6 32. Kb3 Kc7 33. Kb4 Ra8 34. b3 Ra5 35. h3 Ra8 36. Bg3 Re8 37. Kb5 Kd6 38. b4 Ra8 39. Bf2 Rf8 40. Bxb6 Rf4 41. a5 Rxe4 42. a6 Rf4 43. a7 1-0

[Event "Oberliga Ost-B 1516"]
[Site "Germany"]
[Date "2016.04.10"]
[Round "11.8"]
[White "Wiemers, Holger"]
[Black "Lemonidis, Christos"]
[Result "1/2-1/2"]
[WhiteElo "1963"]
[BlackElo "1820"]
[PlyCount "53"]
[EventDate "2015.09.20"]
[EventType "team-tourn"]
[EventRounds "11"]
[EventCountry "GER"]
[SourceTitle "EXT 2017"]
[Source "ChessBase"]
[SourceDate "2016.10.25"]
[SourceVersion "1"]
[SourceVersionDate "2016.10.25"]
[SourceQuality "1"]
[WhiteTeam "Erfurt Empor"]
[BlackTeam "Nied"]
[WhiteTeamCountry "GER"]
[BlackTeamCountry "GER"]

1. d4 d6 2. Nf3 g6 3. e4 Bg7 4. c3 Nh6 5. Bf4 f6 6. Bc4 Nf7 7. Nbd2 0-0 8. 0-0 Nd7 9. Qc2 Nb6 10. Bb3 e5 11. dxe5 dxe5 12. Be3 Qe7 13. Rfe1 Be6 14. Bc5 Qxc5 15. Bxe6 Rae8 16. Bxf7+ Rxf7 17. Qb3 Qe7 18. a4 Qe6 19. Qxe6 Rxe6 20. Red1 Bf8 21. a5 Nc8 22. Nc4 Nd6 23. Nfd2 Bh6 24. Nxd6 Rxd6 25. Nc4 Rdd7 26. Kf1 Kf8 27. Ke2 1/2-1/2

[Event "Oberliga Ost-B 1516"]
[Site "Germany"]
[Date "2015.10.11"]
[Round "3.8"]
[White "Benninger, Rudolf"]
[Black "Lemonidis, Christos"]
[Result "1-0"]
[WhiteElo "2097"]
[BlackElo "1820"]
[PlyCount "85"]
[EventDate "2015.09.20"]
[EventType "team-tourn"]
[EventRounds "11"]
[EventCountry "GER"]
[SourceTitle "EXT 2017"]
[Source "ChessBase"]
[SourceDate "2016.10.25"]
[SourceVersion "1"]
[SourceVersionDate "2016.10.25"]
[SourceQuality "1"]
[WhiteTeam "Heusenstamm"]
[BlackTeam "Nied"]
[WhiteTeamCountry "GER"]
[BlackTeamCountry "GER"]

1. e4 d6 2. d4 g6 3. f4 Bg7 4. Nf3 Nd7 5. Bd3 e6 6. 0-0 Ne7 7. Be3 b6 8. c4 Bb7 9. Nc3 a6 10. Qe2 h6 11. Rae1 Kf8 12. f5 Kg8 13. fxe6 fxe6 14. Nh4 e5 15. Qg4 Nf8 16. Nd5 Bc8 17. Qg3 Rh7 18. Nxe7+ Qxe7 19. Nxg6 Nxg6 20. Qxg6 Be6 21. Rf3 Kh8 22. d5 Bg8 23. Ref1 Rf8 24. Be2 Rxf3 25. Rxf3 Bf8 26. Rh3 Qg7 27. Qf5 Qf7 28. Bg4 Qe7 29. Bh5 Bf7 30. Bg6 Bxg6 31. Qxg6 Qg7 32. Qe8 Qg8 33. Rf3 Be7 34. Qh5 Bg5 35. Rg3 Bxe3+ 36. Rxe3 Qf8 37. Rf3 Qg8 38. h4 Qd8 39. g3 Qg8 40. Kg2 Qc8 41. Rf6 Kg7 42. Qg6+ Kh8 43. Re6 1-0

[Event "Frankfurt-chA"]
[Site "Frankfurt"]
[Date "2015.06.01"]
[Round "5"]
[White "Perlitz, Sven"]
[Black "Lemonidis, Christos"]
[Result "1-0"]
[WhiteElo "1997"]
[BlackElo "1686"]
[PlyCount "79"]
[EventDate "2015.04.27"]
[EventType "swiss"]
[EventRounds "7"]
[EventCountry "GER"]
[SourceTitle "EXT 2016"]
[Source "ChessBase"]
[SourceDate "2015.10.08"]
[SourceVersion "1"]
[SourceVersionDate "2015.10.08"]
[SourceQuality "1"]

1. e4 d6 2. d4 g6 3. Be3 Bg7 4. Be2 Nd7 5. c4 e5 6. Nc3 Ne7 7. Nf3 0-0 8. h4 f5 9. Bg5 h6 10. Bxe7 Qxe7 11. dxe5 Nxe5 12. Qb3 Kh8 13. 0-0-0 Ng4 14. Nd5 Qf7 15. Ng5 hxg5 16. hxg5+ Kg8 17. c5 Be6 18. Qh3 Rfe8 19. Qh7+ Kf8 20. Nf4 Ne5 21. b3 Qg8 22. Nxe6+ Qxe6 23. f4 Re7 24. Rd5 Nd7 25. Bc4 Bb2+ 26. Kxb2 Rxh7 27. Rxh7 Ke8 28. exf5 gxf5 29. Re5 dxe5 30. Bxe6 Nf8 31. g6 Nxe6 32. Rh8+ Ke7 33. Rxa8 e4 34. Rxa7 Kf6 35. Rxb7 Kxg6 36. g3 Kh5 37. Kc3 Kg4 38. b4 Kf3 39. Rb8 e3 40. Re8 1-0

[Event "Karl Mala Memorial op-A 17th"]
[Site "Frankfurt"]
[Date "2014.08.03"]
[Round "6"]
[White "Seifert, Norbert"]
[Black "Lemonidis, Christos"]
[Result "1-0"]
[WhiteElo "2000"]
[BlackElo "1828"]
[PlyCount "51"]
[EventDate "2014.07.31"]
[EventType "swiss"]
[EventRounds "7"]
[EventCountry "GER"]
[SourceTitle "EXT 2015"]
[Source "ChessBase"]
[SourceDate "2014.11.20"]
[SourceVersion "1"]
[SourceVersionDate "2014.11.20"]
[SourceQuality "1"]

1. e4 d6 2. Bc4 g6 3. d3 Bg7 4. Nc3 Nd7 5. f4 e6 6. Nf3 Ne7 7. 0-0 Nc6 8. f5 Nb6 9. fxe6 fxe6 10. Ng5 Nd4 11. Nf7 Qh4 12. Bg5 Qh5 13. Qxh5 gxh5 14. Nxh8 Nxc4 15. dxc4 Bxh8 16. Bf6 Bxf6 17. Rxf6 Ke7 18. Rh6 Nxc2 19. Rf1 Ne3 20. Rxh7+ Ke8 21. Rff7 c6 22. Re7+ Kf8 23. Ne2 c5 24. b3 a5 25. Ng3 a4 26. Nxh5 1-0

[Event "Karl Mala Memorial op-A 17th"]
[Site "Frankfurt"]
[Date "2014.08.02"]
[Round "5"]
[White "Lemonidis, Christos"]
[Black "Krastev, Alexander"]
[Result "1/2-1/2"]
[WhiteElo "1828"]
[BlackElo "1590"]
[PlyCount "46"]
[EventDate "2014.07.31"]
[EventType "swiss"]
[EventRounds "7"]
[EventCountry "GER"]
[SourceTitle "EXT 2015"]
[Source "ChessBase"]
[SourceDate "2014.11.20"]
[SourceVersion "1"]
[SourceVersionDate "2014.11.20"]
[SourceQuality "1"]

1. e4 e5 2. Nf3 Nc6 3. d3 Nf6 4. g3 Bc5 5. Bg2 d6 6. 0-0 Bg4 7. h3 Be6 8. c3 Bb6 9. Qe2 Qd7 10. Ng5 0-0 11. Nd2 Rad8 12. Nxe6 Qxe6 13. Nc4 Bc5 14. b4 Bb6 15. a4 a6 16. Nxb6 cxb6 17. Be3 Nd7 18. f4 f6 19. f5 Qf7 20. Bf3 Rc8 21. Qb2 Qe7 22. Bd1 Kh8 23. Bb3 Nd8 1/2-1/2

[Event "Karl Mala Memorial op-A 17th"]
[Site "Frankfurt"]
[Date "2014.08.01"]
[Round "3"]
[White "Lemonidis, Christos"]
[Black "Guenther, Rainer"]
[Result "1-0"]
[WhiteElo "1828"]
[BlackElo "1704"]
[PlyCount "93"]
[EventDate "2014.07.31"]
[EventType "swiss"]
[EventRounds "7"]
[EventCountry "GER"]
[SourceTitle "EXT 2015"]
[Source "ChessBase"]
[SourceDate "2014.11.20"]
[SourceVersion "1"]
[SourceVersionDate "2014.11.20"]
[SourceQuality "1"]

1. e4 c5 2. d3 Nc6 3. g3 d6 4. Bg2 Nf6 5. Nd2 Qc7 6. Ngf3 Rb8 7. 0-0 g6 8. Nh4 Bg7 9. f4 Ng4 10. Ndf3 Nd4 11. c3 Nxf3+ 12. Bxf3 Nh6 13. g4 f6 14. f5 g5 15. Ng2 Nf7 16. Ne3 Qd7 17. Nd5 0-0 18. Kf2 e6 19. Ne3 e5 20. Rh1 b5 21. Qf1 Bb7 22. Qg2 c4 23. dxc4 bxc4 24. Nxc4 Qb5 25. Ne3 Rfd8 26. Rd1 Qc5 27. Ke1 Bc6 28. Nd5 Kf8 29. Qf2 Qa5 30. Rd2 Rd7 31. Bd1 Bxd5 32. Rxd5 Qc7 33. Ba4 Rdd8 34. Bb3 a6 35. Be3 Nh6 36. h3 Ng8 37. Rd2 Ne7 38. Bd5 Nc6 39. Rad1 Na5 40. Qe2 Nb7 41. Qxa6 Nc5 42. Qc6 Qe7 43. Bxc5 dxc5 44. Be6 Rxd2 45. Rxd2 Rd8 46. Rxd8+ Qxd8 47. Qxc5+ 1-0

[Event "Frankfurt-chA"]
[Site "Frankfurt"]
[Date "2014.05.05"]
[Round "2"]
[White "Bock, Mario"]
[Black "Lemonidis, Christos"]
[Result "0-1"]
[WhiteElo "1575"]
[BlackElo "1741"]
[PlyCount "78"]
[EventDate "2014.04.28"]
[EventType "swiss"]
[EventRounds "7"]
[EventCountry "GER"]
[SourceTitle "EXT 2015"]
[Source "ChessBase"]
[SourceDate "2014.11.20"]
[SourceVersion "1"]
[SourceVersionDate "2014.11.20"]
[SourceQuality "1"]

1. e4 d6 2. d4 g6 3. Nc3 Bg7 4. Be3 Nd7 5. Qd2 a6 6. f4 Ngf6 7. h3 b5 8. Bd3 Nb6 9. e5 Nfd7 10. Nf3 Bb7 11. Qe2 Rb8 12. Ne4 Nc4 13. Bc1 c5 14. Bxc4 bxc4 15. c3 cxd4 16. cxd4 d5 17. Ng3 e6 18. 0-0 Bc6 19. Qc2 Qb6 20. Ne2 0-0 21. Rb1 Rfc8 22. Nc3 Bf8 23. Qf2 Be7 24. h4 Kh8 25. Kh2 Bb4 26. Bd2 Rb7 27. g4 Rcb8 28. Kg2 Qd8 29. Ng5 Nf8 30. Rh1 Kg8 31. h5 Be7 32. Qh4 Bxg5 33. fxg5 Rxb2 34. Rbd1 Rc2 35. Kf3 Rbb2 36. Ke3 Qe7 37. h6 Qa3 38. Rhf1 Rxd2 39. Rxd2 Qxc3+ 0-1

[Event "Karl Mala Memorial op-A 16th"]
[Site "Frankfurt"]
[Date "2013.07.13"]
[Round "5"]
[White "Lemonidis, Christos"]
[Black "Hillgaertner, Walter"]
[Result "1/2-1/2"]
[WhiteElo "1784"]
[BlackElo "1939"]
[PlyCount "88"]
[EventDate "2013.07.11"]
[EventType "swiss"]
[EventRounds "7"]
[EventCountry "GER"]
[SourceTitle "EXT 2014"]
[Source "ChessBase"]
[SourceDate "2013.11.20"]
[SourceVersion "1"]
[SourceVersionDate "2013.11.20"]
[SourceQuality "1"]

1. e4 c5 2. d3 e6 3. Nd2 Nc6 4. Ngf3 d6 5. g3 Nf6 6. Bg2 Be7 7. 0-0 0-0 8. Re1 Qc7 9. Nf1 Bd7 10. c3 Rac8 11. Qe2 b5 12. Bf4 e5 13. Bd2 Rfe8 14. Nh4 g6 15. h3 Bf8 16. Bg5 Bg7 17. Qf3 Qd8 18. Qe3 Qe7 19. Nh2 Qf8 20. Qf3 Re6 21. Ng4 Nxg4 22. hxg4 h6 23. Bd2 b4 24. g5 Re7 25. Kh2 Rb8 26. g4 Be6 27. Nf5 gxf5 28. gxf5 hxg5 29. fxe6 fxe6 30. Bxg5 Rf7 31. Qg4 Nd8 32. Be3 Qe8 33. Rh1 Rf6 34. Kg1 Qg6 35. Qxg6 Rxg6 36. cxb4 Rxb4 37. b3 Nc6 38. Kf1 Nd4 39. Bh3 Kf7 40. Bxd4 Rxd4 41. Ke2 Rb4 42. Rag1 Rxg1 43. Rxg1 Bh6 44. Rh1 Rb8 1/2-1/2

[Event "Karl Mala Memorial op-A 16th"]
[Site "Frankfurt"]
[Date "2013.07.12"]
[Round "2"]
[White "Blank, Stefan"]
[Black "Lemonidis, Christos"]
[Result "0-1"]
[WhiteElo "1895"]
[BlackElo "1784"]
[PlyCount "128"]
[EventDate "2013.07.11"]
[EventType "swiss"]
[EventRounds "7"]
[EventCountry "GER"]
[SourceTitle "EXT 2014"]
[Source "ChessBase"]
[SourceDate "2013.11.20"]
[SourceVersion "1"]
[SourceVersionDate "2013.11.20"]
[SourceQuality "1"]

1. e4 d6 2. Nf3 g6 3. Bc4 Bg7 4. d4 e6 5. 0-0 Ne7 6. Nc3 b6 7. Qe2 Bb7 8. Bg5 h6 9. Bh4 Nd7 10. Rad1 g5 11. Bg3 Ng6 12. Bb5 a6 13. Bxd7+ Qxd7 14. h3 0-0-0 15. Nh2 h5 16. f3 f5 17. Qc4 Rh6 18. exf5 exf5 19. d5 Kb8 20. b3 Rdh8 21. Ne2 f4 22. Be1 Ne5 23. Qb4 Qf7 24. c4 Rf8 25. Nd4 g4 26. fxg4 hxg4 27. Ne6 g3 28. Nf3 Rg8 29. Nfg5 Qg6 30. Qd2 Bc8 31. Qxf4 Nd3 32. Qf3 Nxe1 33. Rdxe1 Be5 34. Qf7 Bxe6 35. Nxe6 Qxf7 36. Rxf7 Rc8 37. Ref1 Rhh8 38. Rf8 Bd4+ 39. Kh1 Bf2 40. Rf7 Rcg8 41. Rg7 Rxg7 42. Nxg7 Kc8 43. Ne6 Kd7 44. Ng5 Re8 45. Ne6 c5 46. Rd1 b5 47. Rd3 bxc4 48. bxc4 Rb8 49. Rb3 Rb4 50. Rxb4 cxb4 51. Nf4 a5 52. Ne2 a4 53. h4 Ke7 54. h5 Kf6 55. Nc1 Be3 56. Nd3 b3 57. axb3 axb3 58. h6 Kg6 59. Nb2 Kxh6 60. Na4 Kg6 61. c5 Bxc5 62. Nc3 Bd4 63. Ne2 b2 64. Nf4+ Kf7 0-1

[Event "Karl Mala Memorial op-A 16th"]
[Site "Frankfurt"]
[Date "2013.07.11"]
[Round "1"]
[White "Lemonidis, Christos"]
[Black "Guth, Wolf Dietrich"]
[Result "0-1"]
[WhiteElo "1784"]
[BlackElo "1973"]
[PlyCount "102"]
[EventDate "2013.07.11"]
[EventType "swiss"]
[EventRounds "7"]
[EventCountry "GER"]
[SourceTitle "EXT 2014"]
[Source "ChessBase"]
[SourceDate "2013.11.20"]
[SourceVersion "1"]
[SourceVersionDate "2013.11.20"]
[SourceQuality "1"]

1. e4 c5 2. d3 g6 3. g3 Bg7 4. Bg2 Nc6 5. Nf3 Rb8 6. 0-0 Nf6 7. Nbd2 0-0 8. Nh4 d6 9. f4 Bg4 10. Bf3 Bxf3 11. Ndxf3 Nd7 12. c3 b5 13. f5 b4 14. fxg6 hxg6 15. Qc2 bxc3 16. bxc3 Nb4 17. Qd2 c4 18. dxc4 Qc7 19. Rb1 Qc5+ 20. Kg2 Nc6 21. Rxb8 Rxb8 22. Ng5 Nce5 23. Qd5 e6 24. Qxc5 dxc5 25. Nhf3 Nxc4 26. Nxf7 Nce5 27. N7xe5 Nxe5 28. Ng5 Nd3 29. Nxe6 Bxc3 30. Nf4 Ne5 31. Nd5 Bd4 32. Nf6+ Kg7 33. Nd5 Nd3 34. Bf4 Rb2+ 35. Kh3 Nf2+ 36. Kh4 Nxe4 37. g4 g5+ 38. Kh3 gxf4 39. Nxf4 Rf2 40. Rxf2 Nxf2+ 41. Kg2 Nxg4 42. h3 Ne5 43. Kf1 Kf6 44. Ne2 Kf5 45. Ke1 Ke4 46. Kd1 Nf3 47. Kc2 Be5 48. Nc1 c4 49. a4 Ne1+ 50. Kd1 Nd3 51. Nxd3 Kxd3 0-1

[Event "Frankfurt-chA"]
[Site "Frankfurt"]
[Date "2012.05.08"]
[Round "2"]
[White "Rutsatz, Mario"]
[Black "Lemonidis, Christos"]
[Result "1/2-1/2"]
[WhiteElo "1939"]
[BlackElo "1702"]
[PlyCount "82"]
[EventDate "2012.04.30"]
[EventType "swiss"]
[EventRounds "7"]
[EventCountry "GER"]
[SourceTitle "EXT 2013"]
[Source "ChessBase"]
[SourceDate "2012.11.22"]
[SourceVersion "1"]
[SourceVersionDate "2012.11.22"]
[SourceQuality "1"]

1. c4 g6 2. Nc3 Bg7 3. g3 e5 4. Bg2 d6 5. e4 Nc6 6. Nge2 f5 7. d3 Nh6 8. 0-0 0-0 9. f4 Kh8 10. Nd5 Be6 11. Kh1 Rb8 12. Rb1 Ne7 13. Be3 b6 14. fxe5 dxe5 15. d4 Nf7 16. dxe5 Nxe5 17. Bg5 Bxd5 18. cxd5 Nf7 19. Be3 fxe4 20. Nf4 Nf5 21. Ne6 Nxe3 22. Nxd8 Nxd1 23. Nxf7+ Kg8 24. Rfxd1 Rxf7 25. Bxe4 Rd7 26. Kg2 Bf8 27. Rbc1 Bd6 28. Bf3 Re7 29. Bg4 Re5 30. Rf1 Rf8 31. Be6+ Kg7 32. Rxf8 Kxf8 33. Rf1+ Kg7 34. Rf7+ Kh8 35. Kf2 a5 36. h4 Re4 37. Kf3 Rb4 38. b3 a4 39. bxa4 Rxa4 40. g4 Rxa2 41. g5 Ra8 1/2-1/2

[Event "Karl Mala Memorial op 14th"]
[Site "Frankfurt"]
[Date "2011.07.08"]
[Round "3"]
[White "Wilke, Markus"]
[Black "Lemonidis, Christos"]
[Result "1-0"]
[WhiteElo "1889"]
[BlackElo "1759"]
[PlyCount "97"]
[EventDate "2011.07.07"]
[EventType "swiss"]
[EventRounds "7"]
[EventCountry "GER"]
[SourceTitle "EXT 2012"]
[Source "ChessBase"]
[SourceDate "2011.11.24"]
[SourceVersion "1"]
[SourceVersionDate "2011.11.24"]
[SourceQuality "1"]

1. d4 d6 2. Nf3 g6 3. c4 Bg7 4. Nc3 e5 5. e4 Nd7 6. Be2 Nh6 7. h3 0-0 8. g4 f5 9. gxf5 exd4 10. Nxd4 Ne5 11. fxg6 Nxg6 12. Be3 Nf4 13. Bf1 Qh4 14. Qd2 Ng4 15. Bxf4 Bxd4 16. Bg3 Bxf2+ 17. Qxf2 Nxf2 18. Bxh4 Nxh1 19. Bg2 Rf4 20. Bg5 Nf2 21. Bxf4 Nd3+ 22. Kd2 Nxf4 23. Rg1 Be6 24. Nd5 Bxd5 25. exd5 Re8 26. Bf3+ Kh8 27. h4 Re5 28. Rg4 Nh5 29. Kd3 Ng7 30. Rf4 Kg8 31. Bg4 h6 32. Rf6 h5 33. Bd7 Re1 34. Rf4 Re7 35. Bc8 b6 36. Kc3 Rf7 37. Re4 Kf8 38. Kb4 Nf5 39. Bxf5 Rxf5 40. a4 a5+ 41. Kb5 Rf7 42. Kc6 Kg7 43. Re6 Rf4 44. Kxc7 Rxc4+ 45. Kxd6 Rxa4 46. Ke7 Rxh4 47. d6 Rd4 48. d7 Rxd7+ 49. Kxd7 1-0

[Event "Karl Mala Memorial op 14th"]
[Site "Frankfurt"]
[Date "2011.07.07"]
[Round "1"]
[White "Goebel, Andreas"]
[Black "Lemonidis, Christos"]
[Result "1/2-1/2"]
[WhiteElo "2032"]
[BlackElo "1759"]
[PlyCount "36"]
[EventDate "2011.07.07"]
[EventType "swiss"]
[EventRounds "7"]
[EventCountry "GER"]
[SourceTitle "EXT 2012"]
[Source "ChessBase"]
[SourceDate "2011.11.24"]
[SourceVersion "1"]
[SourceVersionDate "2011.11.24"]
[SourceQuality "1"]

1. Nf3 d6 2. d4 g6 3. g3 Bg7 4. Bg2 Nd7 5. c4 e5 6. 0-0 Ne7 7. Nc3 0-0 8. e4 exd4 9. Nxd4 Ne5 10. b3 N7c6 11. Nce2 Nxd4 12. Nxd4 Qf6 13. Bb2 Nc6 14. Nxc6 Qxb2 15. Ne7+ Kh8 16. Rb1 Qxa2 17. Nxc8 Raxc8 18. Qd3 Qa3 1/2-1/2

[Event "Frankfurt-ch"]
[Site "Frankfurt"]
[Date "2010.05.03"]
[Round "2"]
[White "Lemonidis, Christos"]
[Black "Mongi, Mario"]
[Result "1-0"]
[WhiteElo "1762"]
[BlackElo "1500"]
[PlyCount "45"]
[EventDate "2010.04.26"]
[EventType "swiss"]
[EventRounds "7"]
[EventCountry "GER"]
[SourceTitle "EXT 2011"]
[Source "ChessBase"]
[SourceDate "2010.11.26"]
[SourceVersion "1"]
[SourceVersionDate "2010.11.26"]
[SourceQuality "1"]

1. Nf3 e6 2. d3 d5 3. Nbd2 Nf6 4. e4 c5 5. g3 Bd7 6. Bg2 Bc6 7. e5 Nfd7 8. 0-0 Be7 9. Re1 d4 10. Ne4 Qc7 11. Bf4 Bxe4 12. Rxe4 Nc6 13. a3 h6 14. h4 0-0-0 15. b4 g5 16. hxg5 hxg5 17. Nxg5 Bxg5 18. Bxg5 Rdg8 19. Bf4 Ncxe5 20. bxc5 Qxc5 21. Rb1 Ng6 22. Rb4 e5 23. Rc4 1-0

[Event "Frankfurt-ch"]
[Site "Frankfurt"]
[Date "2010.04.26"]
[Round "1"]
[White "Poetsch, Hagen"]
[Black "Lemonidis, Christos"]
[Result "1-0"]
[WhiteElo "2366"]
[BlackElo "1762"]
[PlyCount "73"]
[EventDate "2010.04.26"]
[EventType "swiss"]
[EventRounds "7"]
[EventCountry "GER"]
[SourceTitle "EXT 2011"]
[Source "ChessBase"]
[SourceDate "2010.11.26"]
[SourceVersion "1"]
[SourceVersionDate "2010.11.26"]
[SourceQuality "1"]

1. e4 d6 2. d4 g6 3. c4 e5 4. Ne2 Bg7 5. Nbc3 Nh6 6. h4 f6 7. f3 Nf7 8. h5 g5 9. Be3 Bd7 10. Qd2 h6 11. Ng3 Nc6 12. d5 Ne7 13. c5 dxc5 14. Bxc5 Nd6 15. Bd3 0-0 16. Rc1 b6 17. Ba3 Rf7 18. Qc2 a6 19. Nd1 Ra7 20. Ne3 Nb5 21. Bxb5 Bxb5 22. Kf2 Bf8 23. Rhd1 Qe8 24. d6 cxd6 25. Rxd6 Rd7 26. Ng4 Rxd6 27. Bxd6 Nc6 28. Bxf8 Qxf8 29. Nf5 Rd7 30. a4 Nb4 31. Qc8 Rd2+ 32. Kg3 Be8 33. Nxf6+ Qxf6 34. Qxe8+ Qf8 35. Nxh6+ Kg7 36. Qg6+ Kh8 37. Nf7+ 1-0

[Event "Karl Mala Memorial op 12th"]
[Site "Frankfurt"]
[Date "2009.07.19"]
[Round "6"]
[White "Grass, Ernest"]
[Black "Lemonidis, Christos"]
[Result "1/2-1/2"]
[WhiteElo "1932"]
[BlackElo "1757"]
[PlyCount "43"]
[EventDate "2009.07.16"]
[EventType "swiss"]
[EventRounds "7"]
[EventCountry "GER"]
[SourceTitle "EXT 2010"]
[Source "ChessBase"]
[SourceDate "2010.11.25"]
[SourceVersion "1"]
[SourceVersionDate "2010.11.25"]
[SourceQuality "1"]

1. e4 g6 2. d4 Bg7 3. Nc3 d6 4. Be3 Nd7 5. Qd2 a6 6. Bd3 e5 7. d5 Ngf6 8. f3 Nc5 9. Nce2 Qe7 10. 0-0-0 Nfd7 11. g4 h6 12. Ng3 b5 13. h4 Nb6 14. b3 Bd7 15. h5 g5 16. Nh3 Qf6 17. Rdf1 Nxd5 18. Bxc5 dxc5 19. exd5 e4 20. Qe3 Qa1+ 21. Kd2 Qc3+ 22. Kc1 1/2-1/2

[Event "Karl Mala Memorial op 12th"]
[Site "Frankfurt"]
[Date "2009.07.18"]
[Round "5"]
[White "Lemonidis, Christos"]
[Black "Egli, Urs Martin"]
[Result "0-1"]
[WhiteElo "1757"]
[BlackElo "2039"]
[PlyCount "82"]
[EventDate "2009.07.16"]
[EventType "swiss"]
[EventRounds "7"]
[EventCountry "GER"]
[SourceTitle "EXT 2010"]
[Source "ChessBase"]
[SourceDate "2010.11.25"]
[SourceVersion "1"]
[SourceVersionDate "2010.11.25"]
[SourceQuality "1"]

1. Nf3 g6 2. g3 Bg7 3. Bg2 d6 4. e4 c5 5. d3 Nc6 6. Nbd2 Nf6 7. Nh4 0-0 8. 0-0 Qc7 9. c3 Rb8 10. f4 b5 11. Ndf3 b4 12. e5 Nd5 13. c4 Nb6 14. Re1 Rd8 15. b3 Bg4 16. h3 Bxf3 17. Nxf3 dxe5 18. Bb2 exf4 19. Bxg7 Kxg7 20. gxf4 Qxf4 21. Qe2 e6 22. Rad1 Nd4 23. Qb2 Kg8 24. Ne5 Nd7 25. Ng4 f5 26. Rf1 Qg5 27. Nh2 Nf6 28. Nf3 Nxf3+ 29. Rxf3 Rd4 30. Qe2 Re8 31. Qe5 Nd7 32. Qc7 e5 33. Re1 e4 34. dxe4 fxe4 35. Rfe3 Rd2 36. R3e2 Rxe2 37. Rxe2 Ne5 38. Qxa7 Nf3+ 39. Kf2 Qh4+ 40. Kf1 Rd8 41. Qxc5 Rd1+ 0-1

[Event "Frankfurt-ch"]
[Site "Frankfurt"]
[Date "2007.06.11"]
[Round "6"]
[White "Von Auer, Ulrich"]
[Black "Lemonidis, Christos"]
[Result "1/2-1/2"]
[WhiteElo "2130"]
[BlackElo "1803"]
[PlyCount "30"]
[EventDate "2007.04.30"]
[EventType "swiss"]
[EventRounds "7"]
[EventCountry "GER"]
[SourceTitle "EXT 2008"]
[Source "ChessBase"]
[SourceDate "2007.11.25"]
[SourceVersion "1"]
[SourceVersionDate "2007.11.25"]
[SourceQuality "1"]

1. d4 d6 2. c4 g6 3. Nc3 Bg7 4. e4 e5 5. d5 Nh6 6. Nf3 0-0 7. Bg5 f6 8. Bd2 a6 9. Be2 Nd7 10. 0-0 Kh8 11. Ne1 f5 12. Nd3 f4 13. b4 g5 14. f3 Nf6 15. Nf2 Rg8 1/2-1/2